00270nam a22000977a 450000500170000000800410001702000150005804000080007324500500008126000410013120201210101318.0201210b ||||| |||| 00| 0 eng d a0582222990 cCML aThe Modern World since 1870.cSnellgrove L.E. aEnglandbPearson Education LTDc1968